1935年 (東京35区時代) の東京府の市区町村 - Statistics

General Stats
  • This quiz has been taken 16 times
  • The average score is 54 of 136
Answer Stats
郡など 市区町村 % Correct
八王子市
92%
本郷区
92%
品川区
92%
大森区
92%
蒲田区
92%
世田谷区
92%
渋谷区
92%
足立区
92%
東京市 葛飾区
92%
小笠原支庁 大村
92%
(市) 東京市
85%
神田区
85%
四谷区
85%
浅草区
85%
中野区
85%
杉並区
85%
王子区
85%
荒川区
85%
立川町
85%
三鷹村
85%
国分寺村
85%
狛江村
85%
多摩村
85%
赤坂区
77%
深川区
77%
目黒区
77%
豊島区
77%
板橋区
77%
武蔵野町
77%
調布町
77%
府中町
77%
田無町
77%
日野町
77%
調布村
77%
日本橋区
69%
麻布区
69%
牛込区
69%
小石川区
69%
下谷区
69%
荏原区
69%
江戸川区
69%
保谷村
69%
清瀬村
69%
町田町
69%
青梅町
69%
京橋区
62%
芝区
62%
本所区
62%
淀橋区
62%
北多摩郡 砧村
62%
小金井村
62%
村山村
62%
稲城村
62%
福生村
62%
五日市町
62%
北村
62%
滝野川区
54%
拝島村
54%
小平村
54%
東村山村
54%
檜原村
54%
東京市 麴町区
46%
千歳村
46%
大和村
46%
西多摩郡 箱根ヶ崎村
46%
久留米村
38%
向島区
31%
城東区
31%
砂川村
31%
神代村
31%
昭和村
31%
谷保村
31%
南村
31%
神津島村
31%
青ヶ島村
31%
多磨村
23%
西府村
23%
南多摩郡 小宮町
23%
浅川町
23%
鶴川村
23%
堺村
23%
小宮村
23%
利島村
23%
伊豆村
23%
由木村
15%
熊川村
15%
東秋留村
15%
増戸村
15%
氷川村
15%
元村
15%
御蔵島村
15%
元八王子村
8%
三田村
8%
多西村
8%
西秋留村
8%
西多摩郡 平井村
8%
新島本村
8%
硫黄島村
8%
横山村
0%
恩方村
0%
川口村
0%
加住村
0%
南多摩郡 由井村
0%
忠生村
0%
七生村
0%
石畑村
0%
殿ヶ谷村
0%
長岡村
0%
霞村
0%
小曽木村
0%
成木村
0%
吉野村
0%
戸倉村
0%
西多摩村
0%
大久野村
0%
古里村
0%
小河内村
0%
大島支庁 岡田村
0%
泉津村
0%
野増村
0%
差木地村
0%
波浮港村
0%
若郷村
0%
三宅支庁 神着村
0%
伊ヶ谷村
0%
阿古村
0%
坪田村
0%
八丈支庁 大賀郷村
0%
三根村
0%
樫立村
0%
中之郷村
0%
末吉村
0%
宇津木村
0%
鳥打村
0%
扇村袋沢村
0%
沖村
0%
No matching quizzes found
Score Distribution
Percent of People with Each Score
Percentile by Number Answered
Your Score History
You have not taken this quiz